Procesos sociales e innovación tecnológica en la agricultura de América Latina /

Guardado en:
Bibliografiske detaljer
Hovedforfatter: Piñeiro, Martín E.
Institution som forfatter: IICA
Andre forfattere: Trigo, Eduardo J.
Format: Texto
Udgivet: San José: IICA
Tags: Tilføj Tag
Ingen Tags, Vær først til at tagge denne postø!

MARC

LEADER 00000 a a2200000 04500
001 25853
003
040
020 |a 92-9039-055-3  
090 |a 173502  
100 |a Piñeiro, Martín E.  
110 |a IICA  
245 |a Procesos sociales e innovación tecnológica en la agricultura de América Latina /  |c Martín E. Piñeiro 
260 |a San José:   |b IICA  
300 |a 566 p  
700 |a Trigo, Eduardo J.  
999 |c 16653  |d 16653